Formula One Points, classic rules - Statistics

General Stats
  • This quiz has been taken 22 times
  • The average score is 87 of 343
Answer Stats
Hint Answer % Correct
FRA, 1980-1993, 796p Alain Prost
100%
ESP, 2001-2018, 762p Fernando Alonso
100%
GBR, 2007-2020, 1331p Lewis Hamilton
100%
GER, 1991-2012, 1244p Michael Schumacher
100%
GER, 1997-2007, 253p Ralf Schumacher
100%
BRA, 1984-1994, 607p Ayrton Senna
94%
BRA, 2010-2012, 1p Bruno Senna
94%
FRG, 1973-1982, 77p Jochen Mass
94%
NED, 1994-2003, 17p Jos Verstappen
94%
FIN, 2001-2020, 743p Kimi Räikkönen
94%
NED, 2015-2020, 323p Max Verstappen
94%
GER, 2007-2020, 970p Sebastian Vettel
94%
GBR, 1992-1999, 338p Damon Hill
89%
AUS, 2011-2020, 276p Daniel Ricciardo
89%
BRA, 2002-2017, 383p Felipe Massa
89%
GBR, 1958-1975, 294p Graham Hill
89%
GBR, 2000-2017, 452p Jenson Button
89%
ARG, 1950-1958, 280p Juan Manuel Fangio
89%
FIN, 1978-1986, 161p Keke Rosberg
89%
BRA, 1978-1991, 486p Nelson Piquet
89%
BRA, 2008-2009, 10p Nelson Piquet Jr
89%
GER, 2006-2016, 474p Nico Rosberg
89%
GBR, 1980-1995, 470p Nigel Mansell
89%
AUT, 1971-1985, 421p Niki Lauda
89%
USA, 1958-1966, 98p Phil Hill
89%
GBR, 1994-2008, 452p David Coulthard
83%
CAN, 1977-1982, 107p Gilles Villeneuve
83%
CAN, 1996-2006, 209p Jacques Villeneuve
83%
GBR, 2019-2020, 19p Lando Norris
83%
AUS, 2002-2013, 330p Mark Webber
83%
FIN, 1991-2001, 400p Mika Häkkinen
83%
BRA, 1992-1994, 12p Christian Fittipaldi
78%
BRA, 1970-1980, 281p Emerson Fittipaldi
78%
GBR, 1965-1973, 360p Jackie Stewart
78%
CAN, 2017-2020, 23p Lance Stroll
78%
ITA, 1950-1955, 128.33p Nino Farina
78%
POL, 2006-2019, 106p Robert Kubica
78%
FIN, 2013-2020, 414p Valtteri Bottas
78%
BRA, 1972-1975, 3p Wilson Fittipaldi
78%
ITA, 1950-1955, 135p Alberto Ascari
72%
ESP, 2015-2020, 44p Carlos Sainz Jr
72%
MON, 2018-2020, 95p Charles Leclerc
72%
FRA, 2016-2020, 22p Esteban Ocon
72%
ITA, 1996-2009, 192p Giancarlo Fisichella
72%
DEN, 1995-1998, 1p Jan Magnussen
72%
GBR, 1960-1968, 274p Jim Clark
72%
AUT, 1964-1970, 109p Jochen Rindt
72%
DEN, 2014-2020, 15p Kevin Magnussen
72%
USA, 1968-1982, 180p Mario Andretti
72%
USA, 1993-1993, 7p Michael Andretti
72%
FRA, 2017-2020, 31p Pierre Gasly
72%
BRA, 1993-2011, 494p Rubens Barrichello
72%
MEX, 2011-2020, 97p Sergio Perez
72%
GBR, 1951-1961, 188.5p Stirling Moss
72%
NZL, 1958-1970, 200p Bruce McLaren
67%
ARG, 1972-1982, 312p Carlos Reutemann
67%
RUS, 2014-2020, 30p Daniil Kvyat
67%
NZL, 1965-1974, 248p Denny Hulme
67%
AUT, 1984-1997, 383p Gerhard Berger
67%
AUS, 1955-1970, 270p Jack Brabham
67%
BEL, 1966-1979, 184p Jacky Ickx
67%
COL, 2001-2006, 234p Juan Pablo Montoya
67%
GER, 2010-2020, 48p Nico Hülkenberg
67%
VEN, 2011-2015, 11p Pastor Maldonado
67%
FRA, 2009-2020, 62p Romain Grosjean
67%
SWE, 1970-1978, 207p Ronnie Peterson
67%
AUS, 1975-1986, 206p Alan Jones
61%
THA, 2019-2020, 35p Alexander Albon
61%
FIN, 2007-2013, 54p Heikki Kovalainen
61%
GBR, 1973-1979, 182p James Hunt
61%
RSA, 1972-1980, 255p Jody Scheckter
61%
GBR, 1960-1972, 180p John Surtees
61%
GBR, 1952-1958, 128p Mike Hawthorn
61%
ITA, 2017-2020, 2p Antonio Giovinazzi
56%
ITA, 1997-2011, 147p Jarno Trulli
56%
FRA, 1989-2001, 240p Jean Alesi
56%
JAP, 2009-2014, 15p Kamui Kobayashi
56%
ESP, 1999-2012, 18p Pedro de la Rosa
56%
ITA, 1977-1993, 279p Riccardo Patrese
56%
SUI, 1970-1980, 212p Clay Regazzoni
50%
ITA, 1981-1994, 187p Michele Alboreto
50%
FIN, 1994-2002, 33p Mika Salo
50%
GER, 2000-2011, 132p Nick Heidfeld
50%
MEX, 1963-1971, 71p Pedro Rodriguez
50%
MEX, 1961-1962, 4p Ricardo Rodríguez
50%
JAP, 2002-2008, 21p Takuma Sato
50%
GBR, 1993-2002, 187p Eddie Irvine
44%
GER, 1994-2003, 165p Heinz?Harald Frentzen
44%
FRA, 1994-2004, 67p Olivier Panis
44%
GBR, 2011-2017, 9p Paul di Resta
44%
BEL, 1983-1993, 132p Thierry Boutsen
44%
RUS, 2010-2012, 9p Vitaly Petrov
44%
GER, 2007-2014, 12p Adrian Sutil
39%
JAP, 1988-1995, 8p Aguri Suzuki
39%
USA, 1959-1970, 133p Dan Gurney
39%
ARG, 1950-1960, 75.5p Jose Froilan Gonzalez
39%
URU, 1956-1956, 0.5p Oscar Gonzalez
39%
FRA, 1978-1989, 183p Rene Arnoux
39%
AUT, 1997-2007, 37p Alexander Wurz
33%
USA, 1951-1955, 18p Bill Vukovich
33%
BRA, 1972-1977, 58p Carlos Pace
33%
FRA, 1978-1982, 101p Didier Pironi
33%
BRA, 2015-2016, 3p Felipe Nasr
33%
SWE, 1976-1977, 31p Gunnar Nilsson
33%
FRA, 1974-1986, 228p Jacques Laffite
33%
FRA, 2012-2014, 2p Jean?Éric Vergne
33%
GBR, 1989-2000, 95p Johnny Herbert
33%
GBR, 2016-2017, 1p Jolyon Palmer
33%
GBR, 1983-1989, 14p Jonathan Palmer
33%
ITA, 1953-1958, 43.5p Luigi Musso
33%
GBR, 1984-1996, 98p Martin Brundle
33%
GER, 2004-2012, 27p Timo Glock
33%
ITA, 1986-1990, 65p Alessandro Nannini
28%
ITA, 1980-1994, 59p Andrea de Cesaris
28%
ITA, 1979-1986, 123p Elio de Angelis
28%
USA, 1950-1958, 12p Johnnie Parsons
28%
GBR, 1973-1985, 169p John Watson
28%
JAP, 2007-2009, 1p Kazuki Nakajima
28%
ITA, 1961-1967, 58p Lorenzo Bandini
28%
BEL, 1959-1968, 6p Lucien Bianchi
28%
ITA, 1950-1951, 32.5p Luigi Fagioli
28%
GBR, 1952-1958, 51.33p Peter Collins
28%
JAP, 1987-1991, 16p Satoru Nakajima
28%
GBR, 1956-1961, 78.5p Tony Brooks
28%
FRG, 1956-1961, 57.33p Wolfgang von Trips
28%
AUT, 2004-2010, 3p Christian Klien
22%
FRA, 1969-1973, 89p Francois Cevert
22%
ITA, 1961-1967, 14p Giancarlo Baghetti
22%
GBR, 1959-1966, 47p Innes Ireland
22%
FRA, 1974-1981, 21p Jean?Pierre Jabouille
22%
USA, 1952-1960, 20p Jimmy Bryan
22%
FIN, 1989-1994, 10p JJ Lehto
22%
SWE, 1956-1971, 39p Jo Bonnier
22%
SUI, 1962-1971, 66p Jo Siffert
22%
USA, 1950-1951, 10p Lee Wallard
22%
FRA, 1950-1964, 78.33p Maurice Trintignant
22%
FRA, 1972-1980, 141p Patrick Depailler
22%
FRA, 1977-1986, 103p Patrick Tambay
22%
USA, 1964-1974, 61p Peter Revson
22%
ITA, 1950-1956, 42p Piero Taruffi
22%
USA, 1960-1967, 107p Richie Ginther
22%
USA, 1951-1963, 15p Rodger Ward
22%
USA, 1950-1957, 21p Sam Hanks
22%
SWE, 1980-1991, 88p Stefan Johansson
22%
POR, 2005-2006, 4p Tiago Monteiro
22%
USA, 1952-1956, 10p Bob Sweikert
17%
NZL, 1963-1976, 83p Chris Amon
17%
USA, 1950-1960, 2p Dick Rathmann
17%
USA, 1978-1989, 70p Eddie Cheever
17%
FRA, 1966-1974, 76p Jean?Pierre Beltoise
17%
USA, 1950-1960, 29p Jim Rathmann
17%
ITA, 1963-1968, 17p Ludovico Scarfiotti
17%
USA, 1950-1959, 9p Pat Flaherty
17%
GBR, 1970-1974, 11p Peter Gethin
17%
USA, 1950-1960, 10.5p Troy Ruttman
17%
ITA, 2005-2011, 2p Vitantonio Liuzzi
17%
ITA, 1974-1980, 21p Vittorio Brambilla
17%
NED, 2005-2007, 2p Christijan Albers
11%
ITA, 1955-1957, 20p Eugenio Castellotti
11%
FRA, 1951-1959, 56.5p Jean Behra
11%
FRA, 1971-1983, 33p Jean?Pierre Jarier
11%
MON, 1950-1958, 6p Louis Chiron
11%
ESP, 1999-2004, 3p Marc Gene
11%
IND, 2005-2012, 3p Narain Karthikeyan
11%
BRA, 1999-2005, 3p Ricardo Zonta
11%
ITA, 1972-1979, 11p Arturo Merzario
6%
USA, 1950-1953, 6p Bill Holland
6%
THA, 1950-1954, 9p Birabongse Bhanudej
6%
NED, 1957-1964, 4p Carel Godin de Beaufort
6%
BRA, 2003-2004, 3p Cristiano da Matta
6%
USA, 1952-1960, 1p Eddie Johnson
6%
CHI, 1981-1983, 3p Eliseo Salazar
6%
FRG, 1974-1979, 29p Hans?Joachim Stuck
6%
USA, 1950-1960, 35.5p Harry Schell
6%
ITA, 1985-1993, 31p Ivan Capelli
6%
RHO, 1962-1972, 6p John Love
6%
VEN, 1983-1984, 1p Johnny Cecotto
6%
ITA, 1974-1976, 1p Lella Lombardi
6%
FRA, 1950-1956, 18.5p Louis Rosier
6%
ESP, 1988-1989, 1p Luis Perez?Sala
6%
FRG, 1980-1985, 2p Manfred Winkelhock
6%
SUI, 1979-1986, 17p Marc Surer
6%
GBR, 1991-1995, 32p Mark Blundell
6%
USA, 1971-1975, 8p Mark Donohue
6%
ARG, 1951-1954, 8p Onofre Marimon
6%
ARG, 1953-1953, 2p Oscar Alfredo Galvez
6%
AUT, 2005-2005, 1p Patrick Friesacher
6%
BEL, 1952-1956, 11p Paul Frere
6%
BRA, 1995-2000, 10p Pedro Diniz
6%
ITA, 1984-1995, 18p Pierluigi Martini
6%
FRA, 1950-1956, 16p Robert Manzon
6%
BRA, 1982-1995, 15p Roberto Moreno
6%
GBR, 1952-1962, 22p Roy Salvadori
6%
SUI, 1951-1952, 11p Rudi Fischer
6%
GBR, 1957-1958, 16p Stuart Lewis?Evans
6%
ITA, 1982-1987, 23p Teo Fabi
6%
USA, 1950-1960, 10p Tony Bettenhausen
6%
SUI, 1950-1956, 13p Toulo de Graffenried
6%
GBR, 1952-1954, 3p Alan Brown
0%
URU, 1955-1956, 0.5p Alberto Uria
0%
ITA, 1991-1999, 1p Alessandro Zanardi
0%
ITA, 1986-1992, 6p Alex Caffi
0%
ESP, 1956-1957, 4p Alfonso de Portago
0%
ITA, 1968-1973, 6p Andrea de Adamich
0%
BEL, 1951-1964, 4.5p André Pilette
0%
FRA, 1951-1957, 2p André Simon
0%
USA, 1951-1957, 6p Andy Linden
0%
USA, 1952-1955, 8p Art Cross
0%
BEL/FRA, 1989-1995, 5p Bertrand Gachot
0%
USA, 1954-1960, 1p Bill Homeier
0%
GBR, 1963-1967, 8p Bob Anderson
0%
USA, 1965-1966, 3p Bob Bondurant
0%
USA, 1951-1952, 2p Bobby Ball
0%
GBR, 1950-1957, 3p Bob Gerard
0%
GBR, 1967-1974, 8p Brian Redman
0%
ITA, 1977-1990, 14p Bruno Giacomelli
0%
ARG, 1953-1960, 9p Carlos Menditeguy
0%
USA, 1958-1959, 1.5p Carroll Shelby
0%
USA, 1950-1951, 3p Cecil Green
0%
ITA, 1955-1957, 5.33p Cesare Perdisa
0%
FRA, 1950-1950, 0.5p Charles Pozzi
0%
BRA, 1951-1956, 1.5p Chico Landi
0%
BRA, 1981-1983, 1p Chico Serra
0%
GBR, 1966-1967, 2p Chris Irwin
0%
FRG, 1985-1989, 4p Christian Danner
0%
GBR, 1958-1961, 13p Cliff Allison
0%
ITA, 1950-1951, 4p Consalvo Sanesi
0%
USA, 1983-1983, 2p Danny Sullivan
0%
GBR, 1952-1952, 3p Dennis Poore
0%
GBR, 1968-1974, 1p Derek Bell
0%
IRL, 1978-1982, 15p Derek Daly
0%
GBR, 1981-1993, 71p Derek Warwick
0%
USA, 1959-1960, 3p Don Branson
0%
USA, 1953-1960, 4p Don Freeland
0%
ITA, 1950-1950, 3p Dorino Serafini
0%
USA, 1950-1960, 6.5p Duane Carter
0%
GDR/FRG, 1953-1964, 1p Edgar Barth
0%
FRA, 1952-1956, 2.5p Elie Bayol
0%
ITA, 1989-1991, 3p Emanuele Pirro
0%
FRA, 1989-1994, 10p Eric Bernard
0%
GBR, 1952-1952, 2p Eric Thompson
0%
FRA, 1991-1994, 7p Erik Comas
0%
FRA, 1950-1951, 1p Eugene Chaboud
0%
ITA, 1991-1993, 2p Fabrizio Barbazza
0%
ITA, 1950-1953, 18.5p Felice Bonetto
0%
USA, 1950-1957, 2.5p Fred Agabashian
0%
USA, 1953-1954, 1p Fred Wacker
0%
ITA, 1987-1995, 1p Gabriele Tarquini
0%
USA, 1958-1958, 6p George Amick
0%
USA, 1973-1973, 5p George Follmer
0%
FRG, 1963-1969, 3p Gerhard Mitter
0%
ITA, 1956-1958, 1.5p Gerino Gerini
0%
ITA, 1990-1997, 9p Gianni Morbidelli
0%
NED, 1971-1975, 2p Gijs van Lennep
0%
ITA, 1956-1961, 2p Giorgio Scarlatti
0%
ITA, 1958-1960, 3p Giulio Cabianca
0%
FRG, 1953-1969, 9p Hans Herrmann
0%
MEX, 1977-1981, 13p Héctor Rebaque
0%
FRA, 1968-1976, 14p Henri Pescarolo
0%
USA, 1950-1952, 1p Henry Banks
0%
GBR, 1959-1961, 3p Henry Taylor
0%
FRG, 1953-1954, 2p Hermann Lang
0%
BRA, 1955-1956, 2p Hermano da Silva Ramos
0%
GBR, 1954-1960, 2p Horace Gould
0%
NZL, 1971-1974, 10p Howden Ganley
0%
GBR, 1958-1963, 1p Ian Burgess
0%
ITA, 1970-1970, 3p Ignazio Giunti
0%
GBR, 1953-1961, 5p Jack Fairman
0%
GBR, 1961-1962, 3p Jackie Lewis
0%
GBR, 1967-1977, 15p Jackie Oliver
0%
USA, 1950-1955, 8p Jack McGrath
0%
FRA, 1995-1995, 3p Jean?Christophe Boullion
0%
USA, 1960-1963, 3p Jim Hall
0%
USA, 1950-1955, 4p Jimmy Davies
0%
USA, 1953-1959, 1p Jimmy Daywalt
0%
USA, 1952-1958, 1p Jimmy Reece
0%
AUT, 1984-1984, 2p Jo Gartner
0%
GBR, 1969-1970, 2p John Miles
0%
USA, 1955-1960, 6p Johnny Boyd
0%
GBR, 1986-1986, 3p Johnny Dumfries
0%
FRA, 1967-1970, 9p Johnny Servoz?Gavin
0%
USA, 1953-1960, 9p Johnny Thomson
0%
GBR, 1964-1966, 1p John Taylor
0%
USA, 1950-1950, 1p Joie Chitwood
0%
GBR, 1988-1991, 1p Julian Bailey
0%
FRG, 1954-1955, 16p Karl Kling
0%
AUT, 1991-1995, 14p Karl Wendlinger
0%
GBR, 1952-1955, 4p Ken Wharton
0%
ITA, 1955-1958, 1p Luigi Piotti
0%
ITA, 1950-1956, 52p Luigi Villoresi
0%
USA, 1951-1954, 2p Manny Ayulo
0%
USA, 1957-1965, 23.5p Masten Gregory
0%
BRA, 1988-1992, 10p Mauricio Gugelmin
0%
USA, 1950-1951, 4p Mauri Rose
0%
ITA, 1982-1985, 5p Mauro Baldi
0%
GBR, 1963-1974, 29p Mike Hailwood
0%
USA, 1951-1954, 8p Mike Nazaruk
0%
GBR, 1958-1967, 14p Mike Parkes
0%
GBR, 1963-1968, 27p Mike Spence
0%
RSA, 1962-1965, 1p Neville Lederle
0%
ITA, 1987-1997, 7p Nicola Larini
0%
BEL, 1956-1961, 20p Olivier Gendebien
0%
FRA, 1989-1992, 1p Olivier Grouillard
0%
ESP, 1951-1958, 7p Paco Godia
0%
USA, 1958-1960, 6p Paul Goldsmith
0%
USA, 1950-1959, 7.5p Paul Russo
0%
POR, 1993-1996, 1p Pedro Lamy
0%
GBR, 1964-1966, 12p Peter Arundell
0%
GBR, 1950-1954, 4p Peter Whitehead
0%
FRA, 1984-1994, 7p Philippe Alliot
0%
FRA, 1950-1952, 3p Philippe Etancelin
0%
FRA, 1984-1988, 11p Philippe Streiff
0%
ITA, 1981-1989, 2p Piercarlo Ghinzani
0%
GBR, 1966-1970, 20p Piers Courage
0%
FRA, 1950-1950, 3p Raymond Sommer
0%
GBR, 1950-1954, 9p Reg Parnell
0%
SWE, 1970-1974, 13p Reine Wisell
0%
ITA, 1975-1977, 1p Renzo Zorzi
0%
GBR, 1964-1969, 12p Richard Attwood
0%
ARG, 1953-1955, 14p Roberto Mieres
0%
BEL, 1952-1952, 1p Roger Laurent
0%
FRG, 1969-1978, 14p Rolf Stommelen
0%
GBR, 1954-1960, 6p Ron Flockhart
0%
USA, 1964-1966, 2p Ronnie Bucknum
0%
ITA, 1953-1955, 4p Sergio Mantovani
0%
JAP, 1997-1998, 2p Shinji Nakano
0%
SUI, 1966-1971, 3p Silvio Moser
0%
SWE, 1981-1982, 1p Slim Borgudd
0%
FRG, 1984-1985, 4p Stefan Bellof
0%
ITA, 1987-1992, 17p Stefano Modena
0%
AUS, 1970-1974, 7p Tim Schenken
0%
GBR, 1974-1977, 21p Tom Pryce
0%
GBR, 1975-1975, 1p Tony Brise
0%
RSA, 1961-1965, 26p Tony Maggs
0%
GBR, 1958-1966, 8p Trevor Taylor
0%
JAP, 1992-1997, 5p Ukyo Katayama
0%
ITA, 1953-1957, 4.33p Umberto Maglioli
0%
GBR, 1968-1971, 8p Vic Elford
0%
USA, 1950-1955, 1p Walt Faulkner
0%
USA, 1961-1964, 2p Walt Hansgen
0%
BEL, 1960-1965, 7p Willy Mairesse
0%
FRA, 1987-1994, 2p Yannick Dalmas
0%
FRA, 1950-1953, 5p Yves Giraud?Cabantous
0%
No matching quizzes found
Score Distribution
Percent of People with Each Score
Percentile by Number Answered
Your Score History
You have not taken this quiz